Analýza ekonomického a sociálneho vývoja v Bolívii koncom 20. a začiatkom 21. storočia

Analýza javov a procesov ekonomického a sociálneho vývoja Bolívie. Bolívia nemá ani významné zahraničnopolitické a hospodárske postavenie medzi štátmi Južnej Ameriky. Pohľad na súčasný sociálno-ekonomický vývoj v tomto štáte.

Salvato in:
Dettagli Bibliografici
Autore principale: Bakytová, Jana
Natura: Capitolo di libro
Lingua:slovacco
Soggetti:
Tags: Aggiungi Tag
Nessun Tag, puoi essere il primo ad aggiungerne!!

MARC

LEADER 00000naa a2200000 4500
001 0248926
005 20190514125122.1
041 0 |a slo 
044 |a SK 
245 1 0 |a Analýza ekonomického a sociálneho vývoja v Bolívii koncom 20. a začiatkom 21. storočia  |c Jana Bakytová 
520 |a Analýza javov a procesov ekonomického a sociálneho vývoja Bolívie. Bolívia nemá ani významné zahraničnopolitické a hospodárske postavenie medzi štátmi Južnej Ameriky. Pohľad na súčasný sociálno-ekonomický vývoj v tomto štáte. 
610 2 0 |a Bolívia 
610 2 0 |a vývoj hospodársky 
610 2 0 |a vývoj sociálny 
610 2 0 |a politika medzinárodná 
100 1 |a Bakytová, Jana